ACSM's advanced exercise physiology (رقم التسجيلة. 79536)
[ عرض عادي ]
| 000 -الفاتح | |
|---|---|
| حقل البيانات ثابتة الطول | 02754cam a2200385 a 4500 |
| 001 - رقم الضبط | |
| رقم الضبط | 729826782 |
| 003 - محدد رقم الضبط | |
| رقم الضبط | OCoLC |
| 005 - وقت وتاريخ اخر تعامل مع التسجيلة | |
| رقم الضبط | 20210307111548.0 |
| 008 - عناصر البيانات ثابتة الطول - معلومات عامة | |
| حقل البيانات ثابتة الطول | 110603t20122012paua b 001 0 eng |
| 010 ## - رقم ضبط مكتبة الكونجرس | |
| رقم ضبط مكتبة الكونجرس | 2011023733 |
| 020 ## - الرقم الدولى المعيارى للكتب | |
| الرقم الدولى المعيارى للكتاب | 9780781797801 (alk. paper) |
| 020 ## - الرقم الدولى المعيارى للكتب | |
| الرقم الدولى المعيارى للكتاب | 0781797802 (alk. paper) |
| 040 ## - مصدر الفهرسة | |
| وكالة الفهرسة الأصلية | DNLM/DLC |
| لغة الفهرسة | eng |
| وكالة النسخ | DLC |
| وكالة التعديل | NLM |
| -- | YDXCP |
| -- | C#P |
| -- | BWX |
| -- | CDX |
| -- | VET |
| -- | MMU |
| -- | UtOrBLW |
| 042 ## - رمز التحقق | |
| رمز التحقق | pcc |
| 050 00 - رقم طلب مكتبة الكونجرس | |
| رقم التصنيف | QP309 |
| رقم المادة | .A83 2012 |
| 060 00 - رقم الطلب بالمكتبة الطبية الوطنية | |
| رقم التصنيف | 2011 L-356 |
| 060 10 - رقم الطلب بالمكتبة الطبية الوطنية | |
| رقم التصنيف | WE 103 |
| 060 #4 - رقم الطلب بالمكتبة الطبية الوطنية | |
| رقم التصنيف | WE 103 |
| رقم المادة | A187 2012 |
| 082 00 - رقم تصنيف ديوى العشرى | |
| رقم التصنيف | 612.044 |
| رقم الطبعة | 23 |
| رقم المادة | ACA |
| 245 00 - بيان العنوان | |
| العنوان | ACSM's advanced exercise physiology |
| 246 30 - العنوان الموازى | |
| عنوان صحيح/عنوان مختصر | Advanced exercise physiology / |
| بقية العنوان | [editors, Peter A. Farrell, Michael J. Joyner, Vincent J. Caiozzo] |
| 250 ## - بيان الطبعة | |
| بيان الطبعة | Second edition |
| 264 #1 - النشر, التوزيع, ETC. (IMPRINT) | |
| مكان الناشر او الموزع | Philadelphia : |
| اسم الناشر او الموزع | Wolters Kluwer Health/Lippincott Williams & Wilkins, |
| تاريخ النشر أو التوزيع | [2012] |
| 264 #4 - النشر, التوزيع, ETC. (IMPRINT) | |
| تاريخ النشر أو التوزيع | ℗♭2012 |
| 300 ## - الوصف المادى | |
| التعداد | xvi, 719 pages : |
| تفاصيل ماديه اخرى للوعاء | illustrations ; |
| أبعاد الوعاء | 29 cm |
| 504 ## - تبصرة ببليوجرافية | |
| تبصرة ببليوجرافية,الخ | Includes bibliographical references and index |
| 505 0# - تبصرة محتويات-الفهرس | |
| تبصرة المحتويات المصاغة | Historical perspective: origin to recognition -- Exercise and responses of biologic systems -- Nervous system and movement -- Skeletal-articular system -- Muscular system: structural and functional plasticity -- Muscular system: the control of muscle mass -- Muscular system: fatigue processes -- Autonomic nervous system -- Respiratory system -- Cardiovascular system: design and control -- Cardiovascular system: cardiac function -- Organization and control of circulation to skeletal muscle -- Gastrointestinal system -- Metabolic systems: control of ATP synthesis in skeletal muscle -- Metabolic systems: carbohydrate metabolism -- Metabolic systems: lipid metabolism -- Metabolic systems: interaction of lipid and carbohydrate metabolism -- Metabolic systems: protein and amino acid metabolism in muscle -- Mitochondrial biogenesis induced by endurance training -- Endocrine system: integrated influences on metabolism, growth, and reproduction -- Exercise and the immune system -- Body fluid and hemopoietic systems -- Renal system -- Effects of exercise in altered environments -- Physiologic systems and their responses to conditions of heat and cold -- Physiologic systems and their responses to hypoxia -- Physiologic systems and their responses to conditions of hyperbaria -- Physiologic systems and their responses to conditions of microgravity and bed rest -- Genomics in the future of exercise physiology -- Exercise genomics and proteomics |
| 650 #0 - المدخل الاضافى بالموضوع-مصطلح موضوعى | |
| مصطلح موضوعي أو اسم جغرافي كعنصر مدخل | Exercise |
| التقسيم الفرعي العام | Physiological aspects |
| 9 (RLIN) | 88771 |
| 650 12 - المدخل الاضافى بالموضوع-مصطلح موضوعى | |
| مصطلح موضوعي أو اسم جغرافي كعنصر مدخل | Exercise |
| التقسيم الفرعي العام | physiology |
| 9 (RLIN) | 19563 |
| 700 1# - المدخل الاضافى - اسم شخصى | |
| الإسم الشخصى | Farrell, Peter A |
| 9 (RLIN) | 88772 |
| 700 1# - المدخل الاضافى - اسم شخصى | |
| الإسم الشخصى | Joyner, Michael J |
| 9 (RLIN) | 88773 |
| 700 1# - المدخل الاضافى - اسم شخصى | |
| الإسم الشخصى | Caiozzo, Vincent J |
| 9 (RLIN) | 88774 |
| 710 2# - المدخل الاضافى - اسم هيئه | |
| اسم الهيئة أو اسم السلطة كمدخل | American College of Sports Medicine |
| 9 (RLIN) | 39347 |
| 942 ## - عناصر المدخل الإضافي( كوها) | |
| مصدر التصنيف او مخطط الترفيف | Dewey Decimal Classification |
| Koha [default] item type | كتاب |
| حالة الفقد | نموذج السعر الفعال | حالة تلف | ليس للاعارة | رقم الطلب | تاريخ الاكتساب | الموقع الحالي | الباركود | الفرع الرئيسي | Date last seen | نوع المادة فى نظام كوها | مصدر التصنيف او خطة الترفيف | Total Checkouts |
|---|---|---|---|---|---|---|---|---|---|---|---|---|
| 2021-03-07 | 612.044 ACA | 2021-03-07 | المكتبة المركزية بالمجمعة (CL) | 00168160 | المكتبة المركزية بالمجمعة (CL) | 2021-03-07 | كتاب | Dewey Decimal Classification | ||||
| 2021-03-07 | 612.044 ACA | 2021-03-07 | المكتبة المركزية بالمجمعة (CL) | 00168161 | المكتبة المركزية بالمجمعة (CL) | 2021-03-07 | كتاب | Dewey Decimal Classification | ||||
| 2021-03-07 | 612.044 ACA | 2021-03-07 | المكتبة المركزية بالمجمعة (CL) | 00168162 | المكتبة المركزية بالمجمعة (CL) | 2021-03-07 | كتاب | Dewey Decimal Classification | ||||
| 2021-03-07 | 612.044 ACA | 2021-03-07 | مكتبة كلية العلوم الطبية التطبيقية بالمجمعة - طالبات (AMF) | 00168105 | مكتبة كلية العلوم الطبية التطبيقية بالمجمعة - طالبات (AMF) | 2021-03-07 | كتاب | Dewey Decimal Classification | ||||
| 2021-03-07 | 612.044 ACA | 2021-03-07 | مكتبة كلية العلوم الطبية التطبيقية بالمجمعة - طالبات (AMF) | 00168106 | مكتبة كلية العلوم الطبية التطبيقية بالمجمعة - طالبات (AMF) | 2021-03-07 | كتاب | Dewey Decimal Classification | ||||
| 2021-03-07 | 612.044 ACA | 2021-03-07 | مكتبة مجمع الكليات بالزلفى - طلاب (SZM) | 00168107 | مكتبة مجمع الكليات بالزلفى - طلاب (SZM) | 2021-03-07 | كتاب | Dewey Decimal Classification | ||||
| 2021-03-07 | 612.044 ACA | 2021-03-07 | مكتبة مجمع الكليات بالزلفى - طلاب (SZM) | 00168108 | مكتبة مجمع الكليات بالزلفى - طلاب (SZM) | 2021-03-07 | كتاب | Dewey Decimal Classification |
